000 00770nam a22002657a 4500
999 _c130144
_d130144
003 dpl
005 20190820180853.0
008 190820b ||||| |||| 00| 0 eng d
010 _aB-162326, B-162329
020 _c150.00
_a8186425195
035 _aB-162326
037 _bCen Lib/Ret
037 _bBPPD/PUB
040 _aDPL
_bEN
_cdpl
082 _aN
_bGOS
100 _aGoswami, S.
_928424
245 _aJungletantram /
_cby S. Goswami; traslated by R.B. Singh
260 _aNew Delhi
_bConfluence International
_c2004
270 _bNew Delhi
_a203/E-588, Greater Kailash
_e110048
300 _a116p.
_c23cm(Hb)
650 _aEnglish literature
_9102026
650 _aEnglish novel
_914422
700 _aSingh, R.B.
_928426
942 _2ddc
_cEN
_hN
_mGOS